Top Grossing Films of the 1950s - Statistics

General Stats
  • This quiz has been taken 53 times
  • The average score is 4 of 12
Answer Stats
Hint Answer % Correct
4. (1959) Ben-Hur
93%
3. (1956) The Ten Commandments
67%
1. (1955) Lady and the Tramp
49%
9. (1953) tie The Robe
30%
6. (1956) tie Around the World in 80 Days
28%
10. (1950) Cinderella
26%
5. (1959) Sleeping Beauty
26%
8. (1952) tie The Greatest Show on Earth
23%
2. (1953) Peter Pan
19%
12. (1951) Quo Vadis
14%
11. (1956) Seven Wonders of the World
0%
7. (1952) tie This is Cinerama
0%
No matching quizzes found
Score Distribution
Percent of People with Each Score
Percentile by Number Answered
Your Score History
You have not taken this quiz